000 00691nam a2200277Ia 4500
005 20260324112240.0
008 008 260324s9999 xx 000 0 eng d
020 _a9781032690872
037 _aEBOOK
040 _aCRL
040 _beng
040 _cCRL
041 _2eng
041 _aeng
084 _qCRL
100 _aRenira Rampazzo Gambarato; Johannes Heuman
_91141902
245 0 _aStreaming Media and Cultural Memory in a Postdigital Society
260 _bTaylor and Francis
260 _c2024
365 _a
365 _b220
856 _uhttp://www.taylorfrancis.com/books/9781032690872
942 _cEBOOK
999 _c1731042
_d1731042